Best Business Environment by Country - Statistics

General Stats
  • This quiz has been taken 23 times
  • The average score is 17 of 20
Answer Stats
Hint Answer % Correct
1 United States
100%
7 Australia
95%
19 Belgium
95%
3 Canada
95%
11 Denmark
95%
18 France
95%
12 Germany
95%
15 Ireland
95%
14 The Netherlands
95%
5 United Kingdom
95%
20 Austria
90%
8 Finland
90%
2 New Zealand
90%
13 Sweden
90%
10 Norway
86%
6 Singapore
86%
9 Switzerland
86%
17 Iceland
71%
16 Malaysia
29%
4 Hong Kong
24%
No matching quizzes found
Score Distribution
Percent of People with Each Score
Percentile by Number Answered
Your Score History
You have not taken this quiz